Statistics for Hardest Math quiz ever

Click here to take the quiz!

General Stats

  • This quiz has been taken 15 times
  • The average score is 14 of 15

Answer Stats

Answer% Correct
2+02
100%
2/12
100%
0+22
100%
2+02
100%
0+22
100%
2+02
100%
0+02
100%
0+02
100%
0+02
100%
:)2
100%
You Guessed it:22
100%
22
100%
123456789123456789
63%
222
50%
222
50%

Score Distribution

Percentile by Number Answered

Percent of People with Each Score

Your Score History

You have not taken this quiz